00959nac a22002651u 4500010001600000020002400016020002400040082001900064090001500083100003400098245010000132260004500232300002700277440003800304500002000342504003000362511002600392650002900418650003800447650002600485700002400511942002100535999001500556952012200571 a 87027504 a1555870996 (pbk.) : a1555870996 (pbk.) :00a327.09045bGUR c7264d7264 aGurtov, Melvin. 10aGlobal politics in the human interest /cMel Gurtov ; with the assistance of Dariush Haghighat. aBoulder, Colo. :bL. Rienner,1988c1988. axiii, 253 p. ;c24 cm. 0aExplorations in peace and justice aIncludes index. aBibliography: p. 225-239. acatalogued by: wessam 0aInternational relations. 0aInternational economic relations. 0aWorld politicsy1945-1 aHaghighat, Dariush. cBBk327.09045GUR c7264d7264 00104070aMAINbMAINc1STd2017-01-08ePurchasel4m6o327.09045GURp000008817r2025-07-15 00:00:00s2015-10-19yBB